| 000 | 00000nam 2200000za 4500 |
| 001 | 9.810323 |
| 003 | CaOODSP |
| 005 | 20230801131744 |
| 007 | cr ||||||||||| |
| 008 | 151021s2014 onc ob f000 0 fre d |
| 040 | |aCaOODSP|bfre |
| 043 | |an-cn--- |
| 086 | 1 |aPS83-3/321F-PDF |
| 100 | 1 |aFarrell MacDonald, Shanna. |
| 245 | 10|aProfil des délinquants autochtones de sexe masculin |h[ressource électronique] : |baperçus de la garde et de la surveillance / |c[par] Shanna Farrell MacDonald. |
| 260 | |aOttawa : |bService correctionnel du Canada, |c2014. |
| 300 | |aix, 71 p. : |btableaux, figs. |
| 490 | 1 |aRapport de recherche ; |vR-321 |
| 500 | |aPublié aussi en anglais sous le titre : Profile of Aboriginal men offenders: custody and supervision snapshots. |
| 500 | |aMars 2014. |
| 504 | |aComprends des réferences bibliographiques. |
| 692 | 07|2gccst|aDétenu |
| 692 | 07|2gccst|aAutochtones |
| 710 | 2 |aService correctionnel Canada. |bDirection de la recherche. |
| 775 | 08|tProfile of Aboriginal men offenders |w(CaOODSP)9.810320 |
| 830 | #0|aRapport de recherche (Service correctionnel Canada. Direction de la recherche)|vR-321|w(CaOODSP)9.502465 |
| 856 | 40|qPDF|s813 Ko|uhttps://publications.gc.ca/collections/collection_2016/scc-csc/PS83-3-321-fra.pdf |